| 000 -LEADER |
| fixed length control field |
02354nam a22006497a 4500 |
| 001 - CONTROL NUMBER |
| control field |
1214632 |
| 003 - CONTROL NUMBER IDENTIFIER |
| control field |
LIBRIS |
| 005 - DATE AND TIME OF LATEST TRANSACTION |
| control field |
20210426121741.0 |
| 008 - FIXED-LENGTH DATA ELEMENTS--GENERAL INFORMATION |
| fixed length control field |
011211s1996 xxu 000 0 eng c |
| 020 ## - INTERNATIONAL STANDARD BOOK NUMBER |
| International Standard Book Number |
0394559185 |
| 040 ## - CATALOGING SOURCE |
| Original cataloging agency |
eng |
| Language of cataloging |
eng |
| Transcribing agency |
DLC |
| 041 ## - LANGUAGE CODE |
| Language code of text/sound track or separate title |
eng |
| 080 ## - UNIVERSAL DECIMAL CLASSIFICATION NUMBER |
| Universal Decimal Classification number |
7 |
| Item number |
R-53 |
| 082 04 - DEWEY DECIMAL CLASSIFICATION NUMBER |
| Classification number |
709.2 |
| Edition number |
22 (machine generated) |
| 084 ## - OTHER CLASSIFICATION NUMBER |
| Classification number |
Ibz Picasso, Pablo |
| Number source |
kssb/6 |
| 084 ## - OTHER CLASSIFICATION NUMBER |
| Classification number |
Ibz Picasso, Pablo |
| Number source |
kssb/6 |
| 084 ## - OTHER CLASSIFICATION NUMBER |
| Classification number |
I |
| Number source |
kssb |
| 084 ## - OTHER CLASSIFICATION NUMBER |
| Classification number |
Ibz Picasso, Pablo |
| Number source |
kssb/6 |
| 084 ## - OTHER CLASSIFICATION NUMBER |
| Classification number |
Ibz Picasso, Pablo |
| Number source |
kssb/6 |
| 100 1# - MAIN ENTRY--PERSONAL NAME |
| Personal name |
Richardson, John, |
| Dates associated with a name |
1924- |
| Authority record control number or standard number |
322141 |
| 245 02 - TITLE STATEMENT |
| Title |
A life of Picasso. |
| Number of part/section of a work |
Vol. 2, |
| Name of part/section of a work |
1907-1917 |
| Remainder of title |
/ by: Random House |
| 250 ## - EDITION STATEMENT |
| Edition statement |
1st edition |
| 260 ## - PUBLICATION, DISTRIBUTION, ETC. |
| Place of publication, distribution, etc. |
New York |
| Name of publisher, distributor, etc. |
Random House |
| Date of publication, distribution, etc. |
1996 |
| 300 ## - PHYSICAL DESCRIPTION |
| Extent |
x, 500 p. |
| Other physical details |
ill. |
| 365 ## - TRADE PRICE |
| Price amount |
55 usd |
| 600 14 - SUBJECT ADDED ENTRY--PERSONAL NAME |
| Personal name |
Picasso, Pablo, |
| Dates associated with a name |
1881-1973. |
| Authority record control number or standard number |
211453 |
| 650 #0 - SUBJECT ADDED ENTRY--TOPICAL TERM |
| 9 (RLIN) |
447 |
| Topical term or geographic name entry element |
Art |
| 653 ## - INDEX TERM--UNCONTROLLED |
| Uncontrolled term |
ხელოვნება |
| 700 1# - ADDED ENTRY--PERSONAL NAME |
| Personal name |
McCully, Marilyn |
| Relationship |
oth |
| 740 0# - ADDED ENTRY--UNCONTROLLED RELATED/ANALYTICAL TITLE |
| Uncontrolled related/analytical title |
1907-1917 |
| 772 00 - SUPPLEMENT PARENT ENTRY |
| Control subfield |
p1 |
| Main entry heading |
Richardson, John |
| Title |
life of Picasso |
| Qualifying information |
John Richardson ; with collaboration of Marilyn McCully |
| Place, publisher, and date of publication |
New York : Random House, 1991- |
| Record control number |
9912646908 |
| 900 1s - EQUIVALENCE OR CROSS-REFERENCE-PERSONAL NAME [LOCAL, CANADA] |
| Linkage |
100 |
| Dates associated with a name |
1924- |
| Affiliation |
Richardson, John, |
| Dates associated with a name |
1924- |
| 900 1s - EQUIVALENCE OR CROSS-REFERENCE-PERSONAL NAME [LOCAL, CANADA] |
| Linkage |
600 |
| Dates associated with a name |
1881-1973 |
| Affiliation |
Picasso, Pablo, |
| Dates associated with a name |
1881-1973 |
| 900 1s - EQUIVALENCE OR CROSS-REFERENCE-PERSONAL NAME [LOCAL, CANADA] |
| Linkage |
600 |
| Dates associated with a name |
1881-1973 |
| Affiliation |
Picasso, Pablo, |
| Dates associated with a name |
1881-1973 |
| 942 ## - ADDED ENTRY ELEMENTS (KOHA) |
| Source of classification or shelving scheme |
|
| Koha item type |
Books |
| Edition |
1 |